000 00736nam a2200217 a 4500
005 20220912113025.0
008 991125s1987 mx 000 0 spa u
020 _a9682906857
035 _aUPN01000005705
049 _aCG
050 4 _aZ739
_bV3.2
100 1 _aVázquez Mantecón, Carmen
245 1 4 _aLas bibliotecas mexicanas en el siglo XIX /
_cCarmen Vázquez Mantecón, Alfonso Flamenco, Carlos Herrero.
260 _aMéxico :
_bSEP, Dirección General de Bibliotecas,
_c1987.
300 _a254 p. :
_bil.
440 0 _aHistoria de las bibliotecas en México ;
_v2
650 7 _aBibliotecas
_zMéxico
_xHistoria
_2
_92887
700 1 _aFlamenco, Alfonso,
_ecoaut.
700 1 _aHerrero, Carlos,
_ecoaut.
_940382
905 _aLibro
999 _c5705
_d5705